A Life Of My Own/ (Record no. 185492)

MARC details
000 -LEADER
fixed length control field 00556nam a22001817a 4500
005 - DATE AND TIME OF LATEST TRANSACTION
control field 20220203113617.0
010 ## - LCCN (DPL NO)
LC control number ENG-131373
020 ## - INTERNATIONAL STANDARD BOOK NUMBER
International Standard Book Number 9789389624519
Terms of availability 220.00
035 ## - SYSTEM CONTROL NUMBER
System control number EN-114905
037 ## - SOURCE OF ACQUISITION
Source of stock number/acquisition DBAD
082 ## - DEWEY DECIMAL CLASSIFICATION NUMBER
Classification number N
100 ## - MAIN ENTRY--PERSONAL NAME
Personal name Sharma, Rupangi
245 ## - TITLE STATEMENT
Title A Life Of My Own/
Statement of responsibility, etc Rupangi Sharma
260 ## - PUBLICATION, DISTRIBUTION, ETC. (IMPRINT)
Place of publication, distribution, etc Maharashtra
Name of publisher, distributor, etc Vihwakarma Publications
Date of publication, distribution, etc 2021
270 ## - ADDRESS
Address 34A/1, Suyog Center, 7th Floor, Gultekadi Marketyard Road, Giridhar Bhavan Chowk
City Pune
Postal code 411037
Electronic mail address info@vpindia.co.in
300 ## - PHYSICAL DESCRIPTION
Extent 167p.
Dimensions 22cm(pbk)
942 ## - ADDED ENTRY ELEMENTS (KOHA)
Source of classification or shelving scheme Dewey Decimal Classification
Item type English Books
Classification part N
Call number suffix SHA
Holdings
Withdrawn status Lost status Not for loan Collection code Home library Current library Date acquired Source of acquisition Cost, normal purchase price Full call number Barcode Copy number Cost, replacement price Koha item type
      Fiction Ashok Vihar Ashok Vihar 03/02/2022 DBAD/PUB 220.00 N SHA EN-114905 1 220.00 English Books

© Delhi Public Library
Hit Counter
free hit counter